000 00304nam a2200133Ia 4500
008 191201s2009 xx 000 0 und d
082 _a488.9
_bGRH
100 _aHARTLEY, Peter
245 0 _aGroup Communication
260 _aLondan
_bRoutledge
_c2009
300 _a226
650 _aBBA
942 _2ddc
_cBK
999 _c4952
_d4952